| 000 | 00774nam a2200205 i 4500 | ||
|---|---|---|---|
| 001 | 130516 | ||
| 003 | ES-MaACL | ||
| 005 | 20250822032223.0 | ||
| 007 | t| | ||
| 008 | 070731s1910 sp ||||1| spa d | ||
| 080 | _a159.9.07 | ||
| 100 | 1 |
_aZaragüeta, Juan. _9118040 |
|
| 245 | 1 | 0 |
_aModernas orientaciones de la psicología experimental _b: discurso leído en el acto de apertura del curso académico de 1910-1911 en el Seminario Conciliar de Madrid / _cpor Juan Zaragüeta. |
| 260 |
_aMadrid : _b[s.n.], _c1910 ( _fImp. del Asilo de Huérfanos del S. C. de Jesús) |
||
| 300 |
_a101 p. ; _c28 cm. |
||
| 650 | 1 | 7 |
_aPsicología experimental _2embne _916564 |
| 710 | 2 |
_aSeminario Conciliar de Madrid. _9139176 |
|
| 852 |
_aES-MaACL _j2240-F-4 |
||
| 999 |
_c130516 _d130516 |
||